000 00324nam a22001217a 4500
008 181129b xxu||||| |||| 00| 0 eng d
041 _aeng
080 _a043.3
100 _a0
101 _aBTH-IE
245 _aModelimi dhe kontrolli i suksesit te mikrorrjetit me Fotovoltaik/Turbina me ere
_cKrasniqi, K
942 _2udc
_cBK
999 _c52630
_d52630